<?xml version="1.0" encoding="UTF-8"?><marc:collection xmlns:marc="http://www.loc.gov/MARC21/slim">
  <marc:record>
    <marc:leader>00000nam##2200000za#4500</marc:leader>
    <marc:controlfield tag="001">9.603064</marc:controlfield>
    <marc:controlfield tag="003">CaOODSP</marc:controlfield>
    <marc:controlfield tag="005">20250319165014</marc:controlfield>
    <marc:controlfield tag="007">cr |||||||||||</marc:controlfield>
    <marc:controlfield tag="008">150406|1994||||xxc|||||o    f|0| 0 fre|d</marc:controlfield>
    <marc:datafield tag="040" ind1=" " ind2=" ">
      <marc:subfield code="a">CaOODSP</marc:subfield>
      <marc:subfield code="b">fre</marc:subfield>
    </marc:datafield>
    <marc:datafield tag="043" ind1=" " ind2=" ">
      <marc:subfield code="a">n-cn---</marc:subfield>
    </marc:datafield>
    <marc:datafield tag="086" ind1="1" ind2=" ">
      <marc:subfield code="a">H71-2/4-33-1994F-PDF</marc:subfield>
    </marc:datafield>
    <marc:datafield tag="110" ind1="2" ind2=" ">
      <marc:subfield code="a">Conseil consultatif national sur le troisième âge (Canada)</marc:subfield>
    </marc:datafield>
    <marc:datafield tag="245" ind1="1" ind2="3">
      <marc:subfield code="a">Un bref portrait de la santé et des aîné-e-s au Canada </marc:subfield>
      <marc:subfield code="h">[ressource électronique]</marc:subfield>
    </marc:datafield>
    <marc:datafield tag="260" ind1=" " ind2=" ">
      <marc:subfield code="a">Ottawa - Ontario : </marc:subfield>
      <marc:subfield code="b">Santé Canada. </marc:subfield>
      <marc:subfield code="c">c1994.</marc:subfield>
    </marc:datafield>
    <marc:datafield tag="300" ind1=" " ind2=" ">
      <marc:subfield code="a">15p.</marc:subfield>
      <marc:subfield code="b">références, tableaux</marc:subfield>
    </marc:datafield>
    <marc:datafield tag="490" ind1="1" ind2=" ">
      <marc:subfield code="a">Vignette vieillissement </marc:subfield>
    </marc:datafield>
    <marc:datafield tag="500" ind1=" " ind2=" ">
      <marc:subfield code="a">Sommaire : «Vignette vieillissement» nos 21-33. Note aux lecteurs et lectrices.--Comment finance-t'on le système des soins de santé?--Combien coûtent les soins de santé?--Comment dépense-t'on l'argent destiné aux soins de la santé?--Comment les dépenses de la santé ont-elles évolué au cours des dernières années?--Combien coûtent les soins des aîné-e-s au système de soins de la santé canadien?--Quelle est l'incidence du vieillissement de la population sur les coûts des soins de santé?--Combien coûtent les médicaments?--Combien de médicaments les aînés-e-s consomment-ils?--Les médicaments sont-ils pris à bon escient?--Contrôle-t-on le prix des médicaments?--Combien et quel genre d'hôpitaux exploite-t-on au Canada?--Comment les budgets des hôpitaux ont-ils été affectés au cours des dernières années?--Les aîné-e-s utilisent-ils beaucoup les soins hospitaliers?--Dans quels autres établissements de soins vont-ils?--Qui utilise les services à domicile et qui règle la note?--Les soins à domicile coûtent-ils moins chers que ceux en établissement?--Y a-t-il un médecin dans la salle?--A quelle fréquence les gens consultent-ils un médecin?--De quelle façon les coûts reliés aux médecins sont-ils contrôlés?--Comment être plus en santé, plus heureux... et moins cher à soigner?</marc:subfield>
    </marc:datafield>
    <marc:datafield tag="590" ind1=" " ind2=" ">
      <marc:subfield code="a">12-01-Supp</marc:subfield>
      <marc:subfield code="b">2012-01-13</marc:subfield>
    </marc:datafield>
    <marc:datafield tag="691" ind1="0" ind2="7">
      <marc:subfield code="a">Aîné</marc:subfield>
      <marc:subfield code="2">gcpds</marc:subfield>
    </marc:datafield>
    <marc:datafield tag="691" ind1="0" ind2="7">
      <marc:subfield code="a">Vieillissement</marc:subfield>
      <marc:subfield code="2">gcpds</marc:subfield>
    </marc:datafield>
    <marc:datafield tag="775" ind1="0" ind2="8">
      <marc:subfield code="t">A quick portrait of Canadian health and seniors </marc:subfield>
      <marc:subfield code="w">(CaOODSP)9.572798</marc:subfield>
    </marc:datafield>
    <marc:datafield tag="776" ind1="0" ind2="#">
      <marc:subfield code="t">A quick portrait of Canadian health and seniors </marc:subfield>
      <marc:subfield code="w">(CaOODSP)9.524126</marc:subfield>
    </marc:datafield>
    <marc:datafield tag="776" ind1="0" ind2="#">
      <marc:subfield code="t">Un bref portrait de la santé et des aîné-e-s au Canada </marc:subfield>
      <marc:subfield code="w">(CaOODSP)9.524127</marc:subfield>
    </marc:datafield>
    <marc:datafield tag="830" ind1="#" ind2="0">
      <marc:subfield code="a">Vignette vieillissement.</marc:subfield>
      <marc:subfield code="w">(CaOODSP)9.503197</marc:subfield>
    </marc:datafield>
    <marc:datafield tag="856" ind1="4" ind2="0">
      <marc:subfield code="a">http://publications.gc.ca</marc:subfield>
      <marc:subfield code="q">PDF</marc:subfield>
      <marc:subfield code="s">73 Ko</marc:subfield>
      <marc:subfield code="u">https://publications.gc.ca/collections/Collection/H71-2-4-33-1994F.pdf</marc:subfield>
    </marc:datafield>
  </marc:record>
</marc:collection>
